Mazda Models - Statistics

General Stats
  • This quiz has been taken 144 times
  • The average score is 12 of 20
Answer Stats
Picture Answer % Correct
MX-5 Miata
91%
3
87%
RX7
87%
6
83%
CX-3
82%
CX-5
81%
RX8
79%
2
78%
5/Premacy
76%
CX-9
70%
CX-8
65%
CX-30
61%
CX-60
56%
CX-90
52%
323/Familia
45%
626/Capella
37%
MX-30
37%
121
28%
323F/Lantis
24%
Demio
23%
No matching quizzes found
Score Distribution
Percent of People with Each Score
Percentile by Number Answered
Your Score History
You have not taken this quiz